Третя особа, щодо майна якої вирішується питання про арешт (Запис № 573494)

МАРК-запис
000 -Лідер
fixed length control field 03901nam a22002537a 4500
001 - Контрольний номер
control field 216223406
003 - Ідентифікатор контрольного номера
control field UA-OsUOA
005 - Дата та час останнього входження (трансакції)
control field 20230109095827.0
008 - Елементи даних фіксованої довжини – загальна інформація
fixed length control field 230109b un ||||| m||| 00| 0 ukr d
040 ## - Джерело каталогізації
Агенція оригінальної каталогізації UA-OsUOA
Мова каталогізації ukr
Агенція, яка здійснювала перезапис UA-OsUOA
Агенція, яка здійснювала модифікацію UA-OsUOA
041 ## - Код мови
Код мови тексту/ звукової доріжки чи окремого заголовка (П) ukr
080 ## - Індекс Універсальної десяткової класифікації
Індекс Універсальної десяткової класифікації (УДК) (НП) 343.132.7
090 ## - Локальний шифр розміщення
Класифікаційний індекс УДК 343.132.7
095 ## - Код спеціальності для авторефератів
Код спеціальності 12.00.09
Назва спеціальності кримінальний процес та криміналістика; судова експертиза; оперативно-розшукова діяльність
100 ## - Основне введення – ім’я особи
Ім’я особи (НП) Смалюк Т. В.
245 ## - Відомості про назву
Назва (НП) Третя особа, щодо майна якої вирішується питання про арешт
Дані про відповідальність (НП) Смалюк Тарас Васильович; наук. керівник Середа Григорій Порфирович
260 ## - Публікація, розповсюдження і т.п. (Вихідні дані)
Місце публікації, розповсюдження і т.п. (П) Київ
Дата публікації, розповсюдження і т.п. (П) 2021
300 ## - Фізичний опис
Обсяг 20 с.
502 ## - Примітка про дисертацію
Зв'язок Автореферат дисертації на здобуття наукового ступеня кандидата юридичних наук<br/>
Наймення інституції, що представляється Приватний вищий навчальний заклад "Європейський університет"
Рік отримання вченого ступеня 2021
520 ## - Резюме і т.п.
Резюме, реферат, анотація, тощо (НП) У дисертації на основі аналізу кримінального процесуального законодавства України та практики його застосування, наукових праць вітчизняних та зарубіжних учених, узагальнення емпіричних даних комплексно досліджено процесуальний статус третьої особи, щодо майна якої вирішується питання про арешт, її роль у кримінальному провадженні, процесуальна регламентація арешту майна такої особи та забезпечення її прав і законних інтересів. Розкрито сутність примусових заходів у кримінальному, провадженні, підстави їх застосування. Досліджено питання допустимості обмеження права власності особи при застосуванні арешту майна.<br/>Проаналізовано нормативні особливості накладення арешту на майно третьої особи, виокремлено мету такого арешту, підстави та умови його застосування. Акцентовано увагу на питаннях порядку ініціювання, розгляду та вирішення клопотання щодо арешту майна третьої особи. Досліджено проблемні питання щодо арешту майна третьої особи.<br/>Проаналізовано алгоритм дій слідчого, прокурора, слідчого судді, суду щодо арешту майна третьої особи. Визначено основні процесуальні гарантії дотримання прав та законних інтересів третьої особи, щодо майна якої вирішується питання про арешт. Акцентовано увагу на особливостях скасування арешту майна та/або оскарження ухвали про накладення арешту на майно третьої особи. Сформульовано ряд науково обгрунтованих пропозицій щодо вдосконалення положень КПК України.
650 ## - Додаткове предметне введення – тематичний термін
Джерело заголовка чи терміна UDC
Тематичний термін чи географічна назва, як елемент введення (НП) 343 Кримінальне право. Карні порушення
942 ## - Додаткові елементи входу (Коха)
Source of classification or shelving scheme Universal Decimal Classification
Тип елемента Koha Автореферат
955 ## - Код типу видання за змістом
Код типу видання за змістом (НП) Наукові видання

Немає доступних примірників.